000
00521nam a2200133Ia 4500
008
100328s9999 xx 000 0 und d
082
_b
56984
100
_a
घाणेकर माुसूदन
245
_a
मुळाक्षरे आणि तुमचा स्वभाव
260
_b
इंद्रायणी
630
_a
मुळाक्षरे आणि तुमचा स्वभाव
730
_a
मुळाक्षरे आणि तुमचा स्वभाव
942
_c
BOOK
999
_c
543472
_d
543469